|
|
|
|
| LEADER |
00000nmm0a2200000 4500 |
| 001 |
333919 |
| 005 |
20231102004614.0 |
| 010 |
|
|
|a 9785913950208
|
| 010 |
|
|
|a 978-5-91395-012-3
|
| 035 |
|
|
|a (RuTPU)RU\TPU\book\359935
|
| 090 |
|
|
|a 333919
|
| 100 |
|
|
|a 20170704d2008 m y0rusy50 ca
|
| 101 |
0 |
|
|a rus
|
| 102 |
|
|
|a RU
|
| 105 |
|
|
|a a j 000zy
|
| 200 |
1 |
|
|a Русское поле. II сертификационный уровень общего владения РКИ (ТРКИ-2). Рабочая тетрадь. Ч. 1
|e учебный комплекс по русскому языку для иностранных учащихся
|f И. М. Вознесенская [и др.]
|g под ред. Е. Е. Юркова
|
| 210 |
|
|
|a Санкт-Петербург
|c Мирс
|d 2008
|
| 215 |
|
|
|a 68 с.
|c ил.
|e CD-ROM
|
| 330 |
|
|
|a Рабочая тетрадь является частью учебного комплекса, который состоит из книги для студента, рабочей тетради, книги для преподавателя, приложения (CD) и (DVD). Комплекс обеспечивает подготовку изучающих русский язык к сдаче теста II сертификационного уровня общего владения РКИ. Рабочая тетрадь предназначена для самостоятельной работы учащихся. Её уроки соответствуют грамматическому материалу уроков книги для студента и развивают умения во всех видах речевой деятельности в их взаимосвязи. Материалы по обучению аудированию находятся в CD-приложении. Рабочая тетрадь содержит тексты, позволяющие контролировать степень усвоения материаля. Учебный комплекс адресован иностранным учащимся, достигшим I уровня общего владения РКИ, в том числе студентам, обучающимся на I курсе российских вузов.
|
| 606 |
1 |
|
|a Русский язык
|x Для других народов
|x Учебные руководства и пособия
|2 stltpush
|3 (RuTPU)RU\TPU\subj\26400
|9 50340
|
| 610 |
1 |
|
|a лексика
|
| 610 |
1 |
|
|a письменная речь
|
| 610 |
1 |
|
|a грамматика
|
| 610 |
1 |
|
|a речевая деятельность
|
| 610 |
1 |
|
|a упражнения
|
| 610 |
1 |
|
|a рабочие тетради
|
| 610 |
1 |
|
|a русский язык для иностранцев
|
| 610 |
1 |
|
|a русский язык как иностранный
|
| 610 |
1 |
|
|a CD-ROM
|
| 686 |
|
|
|a Ш141.2-96
|v LBC/SL-A
|2 rubbk
|
| 701 |
|
1 |
|a Вознесенская
|b И. М.
|
| 701 |
|
1 |
|a Гончар
|b И. А.
|
| 701 |
|
1 |
|a Попова
|b Т. И.
|
| 701 |
|
1 |
|a Федотова
|b Н. Л.
|
| 702 |
|
1 |
|a Юрков
|b Е. Е.
|4 340
|
| 801 |
|
1 |
|a RU
|b 63413507
|c 20170704
|
| 801 |
|
2 |
|a RU
|b 63413507
|c 20221209
|g RCR
|
| 942 |
|
|
|c MX
|